Quiz o Mjanmie - Statystyki

Ogólne statystyki
  • Ten quiz został rozwiązany 970 razy
    961 od ostatniego zresetowania
  • Średni wynik to 13 z 22
Statystyki odpowiedzi
Wskazówka Odpowiedź % Poprawnych
Alternatywna nazwa dla Mjanmy Birma
97%
Państwa graniczące Indie
91%
Państwa graniczące Chiny
90%
Państwa graniczące Tajlandia
90%
Państwa graniczące Laos
88%
Europejskie państwo, które skolonizowało Mjanmę Wielka Brytania
88%
Państwa graniczące Bangladesz
87%
Religia dominująca Buddyzm
86%
Religia prześladowanej grupy etnicznej Rohingya Islam
73%
Państwo, które najechało Mjanmę w 1942 r. Japonia
73%
Stolica Mjanmy Naypyidaw
65%
Mjanma znajduje się w tej zatoce oceanicznej Zatoka {Bengalska}
60%
Najludniejsze miasto Jangon
47%
Dawna polska nazwa powyższego miasta Rangun
45%
Słowo na J, które odnosi się do rządzącej kliki wojskowej, takiej jak ta, która rządziła Mjanmą w latach 1988-2011 Junta
41%
Graniczy także z tym morzem Morze {Andamańskie}
36%
Mjanma jest jednym z trzech krajów, które oficjalnie nie korzystają z tego systemu (inne to USA i Liberia) System metryczny
35%
Słowo na P, które opisuje niektóre rodzaje budynków świątynnych w wielu krajach azjatyckich, w tym w Mjanmie Pagoda
34%
Drugie najbardziej zaludnione miasto Mandalaj
25%
Główna rzeka Mjanmy Irawadi
22%
Przywódca polityczny, który był w areszcie domowym przez 20 lat {Aung} San Suu Kyi
18%
Sekretarz Generalny ONZ, 1961–1971 U {Thant}
17%
Nie znaleziono quizów pasujących do podanych kryteriów
Rozkład punktacji
Procent ludzi z każdym wynikiem
Percentyl według liczby udzielonych odpowiedzi
Twoja historia wyników
Nie rozwiązałeś tego quizu od ostatniego zresetowania